| 000 | 00522nam a22001577a 4500 | ||
|---|---|---|---|
| 020 | _qHard Cover. | ||
| 082 | _a621.3 | ||
| 100 | _aSaboor, Sara | ||
| 245 |
_aAutomatic number plate extraction based on wavelet transform and bounding box technique / _cSara Saboor. |
||
| 260 |
_aIslamabad: _bMCS - NUST, _c2017. |
||
| 300 |
_a50 p. : _bill. ; _c30cm. |
||
| 650 |
_aElectrical Engineering MS-Thesis. _916073 |
||
| 700 |
_aImran Tauqeir. _935335 |
||
| 942 |
_2ddc _cTHE |
||
| 999 |
_c541019 _d541019 |
||